A DISSECT-CF szimulátor kiterjesztése sok-felhős IoT alkalmazás kezeléséhez

Elmentve itt :
Bibliográfiai részletek
Szerző: Márkus András
További közreműködők: Kertész Attila (Témavezető)
Dokumentumtípus: Szakdolgozat
Megjelent: 2019
Kulcsszavak:DISSECT-CF
IoT
IaaS
Sok-felhő rendszer
Szimuláció
Tárgyszavak:
Online Access:http://diploma.bibl.u-szeged.hu/73672
LEADER 01170nta a2200277 i 4500
001 dipl73672
005 20240417152528.0
008 190927s2019 hu om 000 hun d
040 |a SZTE Diploma Repozitórium  |b hun 
041 |a hun 
100 1 |a Márkus András 
245 1 2 |a A DISSECT-CF szimulátor kiterjesztése sok-felhős IoT alkalmazás kezeléséhez  |h [elektronikus dokumentum] /  |c András Márkus 
246 1 0 |a Extending DISSECT-CF simulator for handling multi-cloud IoT application  |h [elektronikus dokumentum] 
260 |c 2019 
650 4 |a Természettudományok 
650 4 |a Natural sciences 
650 4 |a Computer and information sciences 
695 |a DISSECT-CF 
695 |a IoT 
695 |a IaaS 
695 |a Sok-felhő rendszer 
695 |a Szimuláció 
700 0 1 |a Kertész Attila  |e ths 
856 4 0 |u https://diploma.bibl.u-szeged.hu/id/eprint/73672/1/2018_M%C3%A1rkus_Andr%C3%A1s_CRL2EV_SZ.pdf  |z Dokumentum-elérés  
856 4 0 |u https://diploma.bibl.u-szeged.hu/id/eprint/73672/7/2018_markus_andras.zip  |z Dokumentum-elérés  
856 4 0 |u https://diploma.bibl.u-szeged.hu/id/eprint/73672/8/2019_markus_andras_biralati_lap.pdf  |z Dokumentum-elérés